Death Note: 7/10 in Creativity - Statistics

General Stats
  • This quiz has been taken 20 times
  • The average score is 6 of 11
Answer Stats
Hint Answer % Correct
10/10 L
100%
10/10 Light Yagami
93%
7/10 Mello
93%
10/10 Near
93%
7/10 Teru Mikami
71%
8/10 Watari
57%
8/10 Naomi Misora
21%
7/10 Wedy
21%
7/10 Reiji Namikawa
7%
7/10 Jack Neylon
0%
7/10 Suguru Shimura
0%
No matching quizzes found
Score Distribution
Percent of People with Each Score
Percentile by Number Answered
Your Score History
You have not taken this quiz